000 00341nam a2200157Ia 4500
008 210210b1960 xxu||||| |||| 00| 0 eng d
041 _aeng
082 _a330/278
100 _aMATHEWS (R C O)
245 _aTrade cycle
260 _aCambridge
_b-
_c1960
650 _aTrade
650 _acycle
690 _aEconomics
906 _a003681
999 _c120232
_d120232